000 00473nam a2200181Ia 4500
008 100917s9999 xx 000 0 und d
082 _b28171
100 _aकुलकर्णी गो. द.
245 _aविराट
260 _bसुरस प्रकाशन
_c1974
300 _a83
365 _b5
520 _aकादंबरी
630 _aविराट
650 _aकादंबरी
730 _aविराट
942 _cBOOK
999 _c633565
_d633562